Four Letter Geography #3 - Statistics

General Stats
  • This quiz has been taken 27,986 times
  • The average score is 13 of 22
Answer Stats
Hint Answer % Correct
Official currency of 20 countries Euro
92%
Suffix which ends the name of seven countries in Central Asia Stan
88%
Its bigger than a village, smaller than a city Town
81%
Canal connecting the Red Sea to the Mediterranean Suez
77%
Small Indonesian island that receives over 4 million tourists per year Bali
76%
Animal appearing on the flag of California Bear
76%
Third largest city in France Lyon
72%
Official language of Pakistan Urdu
70%
Word that comes after Notting, Bunker, or Capitoline Hill
67%
Ireland's second largest city Cork
65%
Official currency of 8 countries Peso
65%
Musical instrument featured on Ireland's coat of arms Harp
63%
Capital of Germany from 1945–1990 Bonn
60%
City where you'd find the Taj Mahal Agra
58%
Capital of Greenland Nuuk
53%
City in northern England which was founded by the Romans York
52%
Title of the ruler of Kuwait or Qatar Emir
51%
Cincinnati's river Ohio
48%
City founded by Pizarro in 1535 AD Lima
45%
Chinese city known for its Terracotta Warriors Xi'an
45%
Saint Petersburg's river Neva
20%
Antarctica's largest ice shelf Ross
20%
No matching quizzes found
Score Distribution
Percent of People with Each Score
Percentile by Number Answered
Your Score History
You have not taken this quiz